000 00780nam a22002537a 4500
001 5756
003 FISKH
005 20250120161322.0
008 250120b cb ||||| |||| 00| 0 eng d
020 _a0448050307
040 _aFISKH
_beng
_cFISKH
_dFISKH
050 _aQL565.R6
082 _a595.7
100 _aRood, Ronald N.
245 _aAnts and bees /
_cWritten by Ronald N. Rood : Illustrated by Cynthia Iliff Koehler and Alvin Koehler
260 _aNew York :
_bCrosser & Dunlap, Inc ;
_c1962.
300 _a48 pages :
_bcolor illustrations ;
_c28 cm .
490 _aHow and Why Wonder Books
520 _aSW: Ameisen ; SW: Bienen
650 _ainsects
_vnon-fiction
700 _aKoehler, Cynthia Iliff
_eillustrator
942 _2ddc
_cBK
_n0
999 _c5756
_d5756